|
|
|
|
| LEADER |
01364nam a2200289 a 4500 |
| 001 |
15981829 |
| 008 |
120109s2011 njua 001 0 eng d |
| 010 |
|
|
|a 2009046030
|
| 020 |
|
|
|a 9780137039548
|
| 020 |
|
|
|a 0137039549
|
| 020 |
|
|
|a 9780131991101 (alk. paper)
|
| 020 |
|
|
|a 0131991108 (alk. paper)
|
| 040 |
|
|
|a DLC
|c DLC
|d YDX
|d BWX
|d YDXCP
|d UWW
|d BTCTA
|d BAKER
|d DLC
|d BD-DhAAL
|
| 082 |
0 |
0 |
|a 620.00151
|2 22
|
| 100 |
1 |
|
|a Magrab, Edward B.
|
| 245 |
1 |
3 |
|a An engineer's guide to MATLAB :
|b with applications from mechanical, aerospace, electrical, civil, and biological systems engineering /
|c Edward B. Magrab ... [et al.].
|
| 250 |
|
|
|a 3rd ed.
|
| 260 |
|
|
|a Upper Saddle River, N.J. :
|b Prentice Hall ;
|a Boston :
|b Pearson,
|c c2011.
|
| 300 |
|
|
|a 845 p. :
|b ill. ;
|c 24 cm.
|
| 500 |
|
|
|a Includes index.
|
| 541 |
1 |
|
|e 00024170
|
| 650 |
|
0 |
|a Engineering mathematics
|x Data processing.
|
| 630 |
0 |
0 |
|a MATLAB.
|
| 852 |
1 |
|
|a Ayesha Abed Library
|j General shelf
|
| 999 |
|
|
|c 11744
|d 11744
|
| 952 |
|
|
|0 0
|1 0
|4 0
|6 620_001510000000000_MAG
|7 0
|9 19098
|a BRACUL
|b BRACUL
|c GEN
|d 2012-01-09
|e Trim Education
|g 4875.00
|l 7
|m 43
|o 620.00151 MAG
|p 3010024170
|q 2026-04-07
|r 2025-10-12
|s 2025-10-12
|t 1
|w 2012-01-09
|y BK
|
| 952 |
|
|
|0 0
|1 0
|4 0
|6 620_001510000000000_MAG
|7 0
|9 19099
|a BRACUL
|b BRACUL
|c GEN
|d 2012-01-09
|e Trim Education
|g 4875.00
|l 6
|m 66
|o 620.00151 MAG
|p 3010024171
|r 2025-12-04
|s 2025-06-19
|t 2
|w 2012-01-09
|y BK
|